• 首页
  • 本馆介绍
  • 公告通知
  • 最新文献
  • 馆藏检索
  • 电子资源
  • 读者导购
  • 参考咨询
  • 我的图书馆
  • 登录
  • 详细信息显示
  • 放入我的书架
  • 预约/预借图书
  • 作者相关作品
  • 分类相关作品
  • 丛书相关作品
  • 出版社相关作品

书目信息

  • 表格格式
  • 工作单格式
  • 卡片格式
题名:
作为语言艺术的中国现代文学发展史
    
 
作者: 朱晓进 著
分册:  
出版信息: 北京   人民出版社  2015
页数: 641页
开本: 24cm
丛书名:
单 册:
中图分类: I045 , I206.6
科图分类:
主题词: 文学语言--wen xue yu yan--研究--中国--现代 , 中国文学--zhong guo wen xue--现代文学--文学研究
电子资源:
ISBN: 978-7-01-013915-9
000 01494nam0 22002891 450
001 0115101249
005 20170415101249.0
010    @a978-7-01-013915-9@dCNY99.00
100    @a20151029d2015 em y0chiy50 ea
101 0  @achi
102    @aCN@b110000
105    @ay z 000yy
106    @ar
200 1  @a作为语言艺术的中国现代文学发展史@Azuo wei yu yan yi shu de zhong guo xian dai wen xue fa zhan shi@e文学语言变迁与中国现代文学形式的演进@f朱晓进[等]著
210    @a北京@c人民出版社@d2015
215    @a641页@d24cm
300    @a国家社科基金项目 教育部人文社科基金项目 江苏省优势学科项目
304    @a著者还有:李玮、何平、丁晓原、陈留生
330    @a本书从语言变迁对中国现代文学形式发展的深度影响这一新的研究视角,呈现出了一部作为语言艺术的中国现代文学发展史。不仅系统地梳理和深入探讨了五四以来语言变革与中国现代文学形式发展的互动关系及其规律,揭示了语言变迁所营构的普遍的文学创作的语言环境,发掘了文学体裁和文体形式现象、作家的文体选择行为、文学作品的形式特征等形成的语言变迁的动因,而且对五四白话文运动及其后的一系列新的文学形式和文体现象,做出了详实的阐释和评价。
517 1  @a文学语言变迁与中国现代文学形式的演进@Awen xue yu yan bian qian yu zhong guo xian dai wen xue xing shi de yan jin
606 0  @a文学语言@Awen xue yu yan@x研究@y中国@z现代
606 0  @a中国文学@Azhong guo wen xue@x现代文学@x文学研究
690    @aI045@v5
690    @aI206.6@v5
701  0 @a朱晓进@Azhu xiao jin@f(1956~)@4著
801  0 @aCN@bTANGWEI@c20170308
905    @b0965940-2@dI045@e152@f3
    
    作为语言艺术的中国现代文学发展史:文学语言变迁与中国现代文学形式的演进/朱晓进[等]著.-北京:人民出版社,2015
    641页;24cm
    国家社科基金项目 教育部人文社科基金项目 江苏省优势学科项目
    
    ISBN 978-7-01-013915-9:CNY99.00
    本书从语言变迁对中国现代文学形式发展的深度影响这一新的研究视角,呈现出了一部作为语言艺术的中国现代文学发展史。不仅系统地梳理和深入探讨了五四以来语言变革与中国现代文学形式发展的互动关系及其规律,揭示了语言变迁所营构的普遍的文学创作的语言环境,发掘了文学体裁和文体形式现象、作家的文体选择行为、文学作品的形式特征等形成的语言变迁的动因,而且对五四白话文运动及其后的一系列新的文学形式和文体现象,做出了详实的阐释和评价。
●
相关链接 在E读中查询图书 在五车中查询图书 在当当中查询图书 在豆瓣中查询图书


正题名:作为语言艺术的中国现代文学发展史     索取号:I045/152         预约/预借

序号 登录号 条形码 馆藏地/架位号 状态 备注
1 0965940   209659403   第一样本阅览室/ [索取号:I045/152] 在馆    
2 0965941   209659412   第二借阅区/ [索取号:I045/152] 在馆    
3 0965942   209659421   第二借阅区/ [索取号:I045/152] 在馆    
唐山师范学院图书馆 欢迎您!
大连网信软件有限公司© 版权所有